Electrical power systems quality /

Đã lưu trong:
Bibliografiske detaljer
Hovedforfatter: Dugan, Roger C.
Format: Bog
Sprog:English
Udgivet: New York : McGraw Hill, 1996.
Fag:
Tags: Tilføj Tag
Ingen Tags, Vær først til at tagge denne postø!
Thư viện lưu trữ: Mạng thư viện Đại học Đà Nẵng
LEADER 01169cam a2200361 i 4500
001 000046121
003 5393
005 20180118094901.0
008 010220b1996 vm 000 eng
020 |a 0070180318 
040 |a LRCC  |c LRCC  |d LRCC 
041 0 |a eng 
082 1 4 |a 621.3191  |b DU-R 
100 1 |a Dugan, Roger C. 
245 0 0 |a Electrical power systems quality /  |c Roger C. Dugan. 
260 |a New York :  |b McGraw Hill,  |c 1996. 
300 |a xv, 265p. :  |b ill. 
630 0 4 |a Electric power. 
650 0 4 |a Electric power system stability. 
650 0 4 |a Electric power systems  |x Quality control. 
650 0 4 |a Electric power-plants  |x Quality control. 
OWN |a DUT 
AVA |a UDN50  |b DUT  |c Book  |d 621.3191 DU-R  |e available  |t Error 5001 Not defined in file expand_doc_bib_avail.  |f 1  |g 0  |h N  |i 0  |j SH  |k 1 
999 |a From the UDN01 
AVA |a UDN50  |b DUT  |c Book  |d 621.3191 DU-R  |e available  |t Error 5001 Not defined in file expand_doc_bib_avail.  |f 1  |g 0  |h N  |i 0  |j SH  |k 1 
TYP |a Monograph 
TYP |a Printed language 
980 |a Mạng thư viện Đại học Đà Nẵng